000
00457nam a2200181Ia 4500
008
100917s9999 xx 000 0 und d
082
_b
37510
100
_a
केळकर ग. म.
245
_a
दुसरी आघाडी
260
_b
---
_c
---
300
_a
---
365
_b
4
520
_a
कथा
630
_a
दुसरी आघाडी
650
_a
कथा
730
_a
दुसरी आघाडी
942
_c
BOOK
999
_c
642904
_d
642901